ANTIMICROBAIL RESISTANCE PROFILE OF ESCOHRICHIA COLI SWAB FROM NURSERY FAECES IN DOUNG MENG FARM,KAMPONG SPEU PROVIMCE,ករណីESCHERICHIA COLI ស៊ាំនឹងឱសថអង់ទីប្យូទិចក្នុងលាមកកូនជ្រូកក្រោយពេលផ្តាច់ដោះនៅក្នុងកសិដ្ឋាន ដួង ម៉េង ខេត្តកំពុងស្ពឺ (Record no. 20381)
[ view plain ]
| 000 -LEADER | |
|---|---|
| fixed length control field | 00823nam a22001577a 4500 |
| 003 - CONTROL NUMBER IDENTIFIER | |
| control field | LRUA |
| 005 - DATE AND TIME OF LATEST TRANSACTION | |
| control field | 20220829103218.0 |
| 008 - FIXED-LENGTH DATA ELEMENTS--GENERAL INFORMATION | |
| fixed length control field | 220829b xxu||||| |||| 00| 0 eng d |
| 040 ## - CATALOGING SOURCE | |
| Transcribing agency | RUA |
| 082 ## - DEWEY DECIMAL CLASSIFICATION NUMBER | |
| Edition number | VEM HOK 2019 B1-558 Or. |
| 100 ## - MAIN ENTRY--PERSONAL NAME | |
| 9 (RLIN) | 15141 |
| Personal name | HOK RATHA,ហុក រដ្ឋា |
| 245 ## - TITLE STATEMENT | |
| Title | ANTIMICROBAIL RESISTANCE PROFILE OF ESCOHRICHIA COLI SWAB FROM NURSERY FAECES IN DOUNG MENG FARM,KAMPONG SPEU PROVIMCE,ករណីESCHERICHIA COLI ស៊ាំនឹងឱសថអង់ទីប្យូទិចក្នុងលាមកកូនជ្រូកក្រោយពេលផ្តាច់ដោះនៅក្នុងកសិដ្ឋាន ដួង ម៉េង ខេត្តកំពុងស្ពឺ |
| 260 ## - PUBLICATION, DISTRIBUTION, ETC. (IMPRINT) | |
| Place of publication, distribution, etc. | phnom penh |
| Name of publisher, distributor, etc. | rua |
| Date of publication, distribution, etc. | 2019 |
| 300 ## - PHYSICAL DESCRIPTION | |
| Extent | ix.36p. |
| Other physical details | ill. |
| Dimensions | 29cm. |
| 942 ## - ADDED ENTRY ELEMENTS (KOHA) | |
| Source of classification or shelving scheme | |
| Koha item type | VEM |
| Price effective from | Date last seen | Permanent Location | Not for loan | Date acquired | Source of classification or shelving scheme | Koha item type | Lost status | Withdrawn status | Date last checked out | Total Checkouts | Shelving location | Damaged status | Barcode | Current Location | Full call number |
|---|---|---|---|---|---|---|---|---|---|---|---|---|---|---|---|
| 2022-08-29 | 2022-08-29 | Library Block B | 2022-08-29 | VEM | B1.558 | A070355 | Library Block B | VEM HOK 2019 B1-558 Or. | |||||||
| 2022-08-29 | 2022-08-29 | Library Block B | 2022-08-29 | VEM | B1.558 | A070344 | Library Block B | VEM HOK 2019 B1-558 Or. | |||||||
| 2022-08-29 | 2024-07-26 | Library Block B | 2022-08-29 | VEM | 2024-07-09 | 1 | B1.558 | A070264 | Library Block B | VEM HOK 2019 B1-558 Or. | |||||
| 2022-08-29 | 2022-08-29 | Library Block B | 2022-08-29 | VEM | B1.558 | A070276 | Library Block B | VEM HOK 2019 B1-558 Or. | |||||||
| 2022-08-29 | 2022-08-29 | Library Block B | 2022-08-29 | VEM | B1.558 | A070351 | Library Block B | VEM HOK 2019 B1-558 Or. |